| 000 | 00552nam a2200217Ia 4500 | ||
|---|---|---|---|
| 003 | OSt | ||
| 005 | 20250829144811.0 | ||
| 008 | 210210b2010 xxu||||| |||| 00| 0 eng d | ||
| 020 | _a9788132104476 | ||
| 040 | _cAL | ||
| 041 | _aeng | ||
| 082 | _a158.4 NORL | ||
| 100 |
_aPeter G Northhouse _9237710 |
||
| 245 |
_aLeadership _b: theory and practice Ed 5 |
||
| 250 | _a5 | ||
| 260 |
_aNew Delhi _bSage Publications India Pvt. Limited. _c2010 |
||
| 300 | _axvi,435p | ||
| 690 |
_aApplied Psychology _9237711 |
||
| 906 | _a065314 | ||
| 942 |
_2ddc _cBK |
||
| 999 |
_c142519 _d142519 |
||